Statistics for Largest Cities Beginning with "SAN"

Click here to take the quiz!

General Stats

  • This quiz has been taken 642 times
  • The average score is 9 of 13

Answer Stats

PopulationCountryCity% Correct
7,600,000United StatesSan Francisco
96%
7,050,000ChileSantiago
96%
1,840,000Costa RicaSan José
94%
3,275,000United StatesSan Diego
92%
1,820,000El SalvadorSan Salvador
89%
3,650,000Dominican Rep.Santo Domingo
89%
2,475,000YemenSana'a
81%
2,050,000United StatesSan Antonio
78%
2,150,000United StatesSan Juan
58%
1,860,000BoliviaSanta Cruz
49%
1,110,000HondurasSan Pedro Sula
23%
1,150,000MexicoSan Luis Potosí
20%
1,690,000BrazilSantos
16%

Score Distribution

Percentile by Number Answered

Percent of People with Each Score

Your Score History

You have not taken this quiz